Prospects for Extraction of Useful Elements out of the Brines of the Pre-carpathian Downfold
Predkarpatské údolie, ako dôležité strategické centrum pre ťažbu draselných solí. Vzniknuté post-ťažobné územia, ako zdroj akumulácie negatívnych environmentálnych vplyvov. Spracovanie druhotných zdrojov s obsahom zložiek soli pre pokrytie súčasného národného dopytu a zvýšenie konkurencieschopnosti...
Na minha lista:
| Autor principal: | |
|---|---|
| Outros Autores: | , , , , |
| Formato: | Capítulo de Livro |
| Idioma: | inglês |
| Assuntos: | |
| Tags: |
Sem tags, seja o primeiro a adicionar uma tag!
|
MARC
| LEADER | 00000naa a2200000 4500 | ||
|---|---|---|---|
| 001 | 0282817 | ||
| 005 | 20240502074406.2 | ||
| 041 | 0 | |a eng | |
| 044 | |a SK | ||
| 245 | 1 | 0 | |a Prospects for Extraction of Useful Elements out of the Brines of the Pre-carpathian Downfold |c Sophia Kosharna, Yana Malkova, Ľubica Kozáková, Zuzana Francová, Monika Naďová Krošláková, Zuzana Sedláková |
| 520 | |a Predkarpatské údolie, ako dôležité strategické centrum pre ťažbu draselných solí. Vzniknuté post-ťažobné územia, ako zdroj akumulácie negatívnych environmentálnych vplyvov. Spracovanie druhotných zdrojov s obsahom zložiek soli pre pokrytie súčasného národného dopytu a zvýšenie konkurencieschopnosti Ukrajiny na svetovom trhu. Možnosti spracovania soľanky z lomu Dombrowsky ložiska Kaluš-Golinsky. | ||
| 610 | 2 | 0 | |a sadzby diskontné |
| 610 | 2 | 0 | |a ukazovatele ekonomické |
| 610 | 2 | 0 | |a ťažba surovín |
| 610 | 2 | 0 | |a environmentalistika |
| 610 | 2 | 0 | |a konkurencieschopnosť |
| 610 | 2 | 0 | |a Ukrajina |
| 100 | 1 | |a Kosharna, Sophia | |
| 700 | 1 | |a Malkova, Yana | |
| 700 | 1 | |a Kozáková, Ľubica | |
| 700 | 1 | |a Francová, Zuzana, 1971- | |
| 700 | 1 | |a Naďová Krošláková, Monika, 1975- | |
| 700 | 1 | |a Sedláková, Zuzana | |